00242nam a22000857a 4500082001500000100002800015245005900043300001700102526003700119 a940.4bGEO aDavid Lloyd War Memoirs aWar Memoirs of David LloydcWar Memoirs of David Lloyd axiii,3068. : a0b0c0d940_400000000000000_GEO